000 004260000a22001690004500
003 MACL
005 20160112134310.0
008 160112b xxu||||| |||| 00| 0 eng d
040 _aMACL
_cMACL
041 _aEnglish
082 _a923.31/AHL
100 _aAhluwalia, B K
_913970
245 _aFacets of Sardar Patel
260 _bKalyani Publishers
_c1974
_aDelhi
650 _aBiography
_931313
942 _cBK
_k923.31/AHL
_2ddc
999 _c35953
_d35953